| 000 | 005610000a22001570004500 | ||
|---|---|---|---|
| 020 | _a0-8254-1174-2 | ||
| 041 | 0 | _aSPA | |
| 082 | 0 | 4 | _aR 220.62 D747t |
| 100 | 1 | _aDowley, Tim (1946- ) | |
| 245 | 1 | 0 | _aGuía Portavoz del Tabernáculo / Tim Dowley |
| 260 | _aGrand Rapids, MI. : Portavoz | ||
| 300 | _a32 Pag | ||
| 520 | _aLa extraordinaria historia del tabernáculo desde sus orígenes en el desierto hasta la construcción de un templo permanente, ilustrada a todo color con fotografías de réplicas hechas al tamaño natural | ||
| 001 | 12121 | ||
| 942 | _cBK | ||
| 999 |
_c41149 _d41149 |
||